Sports Quiz

Random Sports or Cricket Quiz

England Cricket ODI 5 Wicket Hauls Quiz Stats

 Plays Quiz not verified by Sporcle

Challenge
Share
Tweet
Embed
Score 0/23 Timer 07:00
0 Plays Today
Bowling figures Bowler % Correct
5-23James Anderson
95.7%
5-23Stuart Broad
93%
5-28Graeme Swann
91.1%
5-19Andrew Flintoff
88.2%
5-56Andrew Flintoff
88%
5-44Darren Gough
87.4%
5-44Darren Gough
87.3%
5-33Steve Harmison
86.7%
5-49Matthew Hoggard
77.8%
6-31Paul Collingwood
75.4%
5-57Ashley Giles
68.9%
5-48Tim Bresnan
54.6%
Bowling figures Bowler % Correct
6-45Chris Woakes
45.2%
5-15Mark Ealham
42.8%
5-32Mark Ealham
42.8%
5-21Craig White
32.9%
5-41Samit Patel
23%
5-26Ronnie Irani
22.9%
5-33Graeme Hick
21.3%
5-20Vic Marks
19.2%
5-39Vic Marks
19.2%
5-31Mike Hendrick
17%
5-35Paul Jarvis
7%

You're not logged in!

Compare scores with friends on all Sporcle quizzes.
OR
Log In

You Might Also Like...

Show Comments

Extras

Top Quizzes Today


Score Distribution

Your Account Isn't Verified!

In order to create a playlist on Sporcle, you need to verify the email address you used during registration. Go to your Sporcle Settings to finish the process.

Report this User

Report this user for behavior that violates our Community Guidelines.

Details: